| 000 | 00727nam a22002177a 4500 | ||
|---|---|---|---|
| 003 | LK-CoMWRAF | ||
| 005 | 20240113163042.0 | ||
| 008 | 231224b1997 |||||||| |||| 00| 0 eng d | ||
| 020 | _a9559102133 | ||
| 040 |
_aLK-CoMWRAF _dLK-CoMWRAF _eLK-CoMWRAF |
||
| 041 | _aeng | ||
| 082 |
_a338.6 _bSHA |
||
| 100 | _a Shanmugaratnam, N. | ||
| 245 |
_aPrivatisation of tea plantations : _bthe challenge of reforming production relations in Sri Lanka, an institutional historical perspective |
||
| 260 |
_aColombo: _bSocial Scientists' Association, _c1997 |
||
| 300 |
_a 52 p. ; 23 cm _bBibliography included |
||
| 650 | _aPLANTATIONS-Sri Lanka | ||
| 650 | _aPrivatization-Sri Lanka | ||
| 650 | _aTea trade-Sri Lanka | ||
| 942 | _cBK | ||
| 999 |
_c4551 _d4551 |
||